000 004170000a22001690004500
003 MACL
005 20160109113525.0
008 160109b xxu||||| |||| 00| 0 eng d
040 _aMACL
_cMACL
041 _aEnglish
082 _a920/DEF
100 _aDefoe, Daniel
_919477
245 _aRobinson Crusoe
260 _bOxford University Press
_c1977
_aDelhi
650 _aBiography
_930159
942 _cBK
_k920/Def
_2ddc
999 _c33958
_d33958